000 00993nam a2200253Ia 4500
003 OSt
005 20221005104928.0
006 a|||||r|||| 00| 0
007 ta
008 221004b |||||||| |||| 00| 0 hin d
020 _a9788190553476 (hbk)
_c1250
024 _a93967
037 _b427, 24/03/2009, Swaraj Prakashan
_cTextual
040 _aCRL
_cCRL
_bhin
041 _2hin
_ahin
082 _aO152,1N331x, P8
100 _aशर्मा, विष्णुचंद्र
245 0 _aअनुभव की बात कबीर कहैं
_b कविताएॅं 2000 - 2005 की
246 _aAnubhav kī bāt kabīr kahaian: kavitāeॅan 2000 - 2005 kī
260 _aदिल्ली
_bस्वराज प्रकाशन भारत
_c2008
300 _a168पृ0
_ccm.
942 _hO152,1N331x, P8
_cTEXL
_2cc
999 _c1014225
_d1014225